Mineral deposits of the Santa Rita and Patagonia Mountains, Arizona / (Record no. 25510)

MARC details
000 -LEADER
fixed length control field 01003cam a22002771 4500
001 - CONTROL NUMBER
control field gs 15000379
003 - CONTROL NUMBER IDENTIFIER
control field DLC
005 - DATE AND TIME OF LATEST TRANSACTION
control field 20260227111317.0
008 - FIXED-LENGTH DATA ELEMENTS--GENERAL INFORMATION
fixed length control field 790917s1915 dcuabf b f001 0 eng
010 ## - LIBRARY OF CONGRESS CONTROL NUMBER
LC control number gs 15000379
035 ## - SYSTEM CONTROL NUMBER
System control number (OCoLC)5379946
040 ## - CATALOGING SOURCE
Original cataloging agency DLC
Transcribing agency ICharE
Modifying agency DLC
042 ## - AUTHENTICATION CODE
Authentication code premarc
043 ## - GEOGRAPHIC AREA CODE
Geographic area code n-us-az
050 00 - LIBRARY OF CONGRESS CALL NUMBER
Classification number TN24.A6
Item number S25
100 1# - MAIN ENTRY--PERSONAL NAME
Personal name Schrader, Frank Charles,
Dates associated with a name 1860-1944.
245 10 - TITLE STATEMENT
Title Mineral deposits of the Santa Rita and Patagonia Mountains, Arizona /
Statement of responsibility, etc. by Frank C. Schrader, with contributions by James M. Hill.
260 ## - PUBLICATION, DISTRIBUTION, ETC.
Place of publication, distribution, etc. Washington,
Name of publisher, distributor, etc. Govt. Print. Off.,
Date of publication, distribution, etc. 1915.
300 ## - PHYSICAL DESCRIPTION
Extent 373 p. :
Other physical details plates (part fold.) fold. maps, fold. col. profiles, diagrs. ;
Dimensions 24 cm.
490 1# - SERIES STATEMENT
Series statement U.S. Geological survey. Bulletin 582
504 ## - BIBLIOGRAPHY, ETC. NOTE
Bibliography, etc. note Bibliography: p. 31-34.
500 ## - GENERAL NOTE
General note Includes index.
650 #0 - SUBJECT ADDED ENTRY--TOPICAL TERM
Topical term or geographic name entry element Mines and mineral resources
Geographic subdivision Arizona.
700 1# - ADDED ENTRY--PERSONAL NAME
Personal name Hill, James M.
Fuller form of name (James Madison),
Dates associated with a name 1884-
810 1# - SERIES ADDED ENTRY--CORPORATE NAME
Corporate name or jurisdiction name as entry element United States.
Subordinate unit Geological Survey.
Title of a work Bulletin ;
Volume/sequential designation 582.

No items available.

Powered by Koha